[Event "SR 2. liga A 2008/2009"]
[Site "?"]
[Date "2008.10.11"]
[Round "1.1"]
[White "Janos, Martin"]
[Black "Cvicela, Anton"]
[Result "1-0"]
[WhiteElo "2210"]
[BlackElo "2217"]
[PlyCount "75"]
[EventDate "2008.??.??"]

1. e4 c5 2. Nc3 Nc6 3. f4 g6 4. Nf3 Bg7 5. Be2 e6 6. d3 Nge7 7. Be3 d6 8. Qd2
O-O 9. g4 b5 10. O-O b4 11. Nd1 f5 12. gxf5 exf5 13. c3 Qa5 14. c4 Bd7 15. Nf2
Rae8 16. Rfe1 Qc7 17. Bf1 Kh8 18. Bg2 a5 19. Rad1 Nc8 20. e5 Nb6 21. b3 Be6 22.
d4 cxd4 23. Nxd4 Nxd4 24. Bxd4 dxe5 25. Bxe5 Bxe5 26. Rxe5 Bf7 27. Rxa5 Kg8 28.
Qxb4 Re2 29. Qd6 Re1+ 30. Bf1 Qxd6 31. Rxd6 Bxc4 32. Nd3 Bxd3 33. Rxd3 Rc8 34.
Kf2 Ra1 35. Be2 Kf7 36. Rd6 Rb8 37. Ra7+ Kf8 38. Rxh7 1-0

[Event "SR 2. liga A 2008/2009"]
[Site "?"]
[Date "2008.10.11"]
[Round "1.1"]
[White "Pacher, Milan"]
[Black "Abel, Peter"]
[Result "1/2-1/2"]
[WhiteElo "2357"]
[BlackElo "2176"]
[PlyCount "112"]
[EventDate "2008.??.??"]

1. e4 Nf6 2. e5 Nd5 3. d4 d6 4. Nf3 Bg4 5. Be2 c6 6. O-O Bxf3 7. Bxf3 dxe5 8.
dxe5 e6 9. b3 Nd7 10. c4 Ne7 11. Qe2 Ng6 12. Bb2 Qc7 13. Be4 Bc5 14. Kh1 O-O
15. f4 Rfe8 16. Nc3 Rad8 17. Bc2 a5 18. Ne4 Be7 19. Rad1 Ndf8 20. Nd6 Bxd6 21.
exd6 Rxd6 22. Rxd6 Qxd6 23. f5 Ne7 24. f6 gxf6 25. Rxf6 Neg6 26. h4 Nd7 27. Qf2
Qc5 28. Rxf7 Qxf2 29. Rxf2 Nxh4 30. Bxh7+ Kxh7 31. Rf7+ Kg6 32. Rxd7 b5 33. Be5
bxc4 34. bxc4 Kf5 35. Bg3 Ng6 36. Ra7 e5 37. Rxa5 Kg4 38. Ra3 Rd8 39. Re3 Rd4
40. Bxe5 Nxe5 41. Rxe5 Rxc4 42. Kh2 c5 43. Re8 Ra4 44. Re2 Kf4 45. Kg1 c4 46.
Kf2 Ra3 47. Rc2 Ra4 48. Ke2 Ke4 49. Kd2 Kd4 50. Kc1 Kd3 51. g4 c3 52. Rg2 Rf4
53. Rg3+ Kc4 54. Rg2 Rf1+ 55. Kc2 Ra1 56. Rg3 Rxa2+ 1/2-1/2

[Event "SR 2. liga A 2008/2009"]
[Site "?"]
[Date "2008.10.11"]
[Round "1.1"]
[White "Rohacek, Miroslav"]
[Black "Tepper, Frantisek"]
[Result "0-1"]
[WhiteElo "2215"]
[BlackElo "2162"]
[PlyCount "78"]
[EventDate "2008.??.??"]

1. e4 e5 2. Nf3 Nf6 3. Nxe5 d6 4. Nc4 Nxe4 5. d4 d5 6. Qe2 Be7 7. Ne3 O-O 8.
Nd2 Nxd2 9. Bxd2 c6 10. Qf3 Be6 11. Bd3 Nd7 12. O-O Re8 13. c3 Nf8 14. Nf5 Bxf5
15. Bxf5 Bg5 16. Qd3 Bxd2 17. Qxd2 Qf6 18. Bg4 Re4 19. Bf3 Re6 20. Rfe1 Rae8
21. Rxe6 Qxe6 22. Kf1 Nd7 23. Re1 Qxe1+ 24. Qxe1 Rxe1+ 25. Kxe1 Nf6 26. Kd2 Kf8
27. Ke3 Ke7 28. Kf4 Kd6 29. g4 Ke6 30. g5 Ne8 31. Bg4+ Kd6 32. h4 g6 33. Ke3 b6
34. f4 Ng7 35. h5 Nxh5 36. Bxh5 gxh5 37. f5 Ke7 38. Kf4 f6 39. b3 Kf7 0-1

[Event "SR 2. liga A 2008/2009"]
[Site "?"]
[Date "2008.10.11"]
[Round "1.1"]
[White "Tibensky, Robert"]
[Black "Doucha, Ludvik"]
[Result "1-0"]
[WhiteElo "2391"]
[BlackElo "2080"]
[PlyCount "97"]
[EventDate "2008.??.??"]

1. d4 Nf6 2. Nf3 g6 3. c4 c5 4. Nc3 cxd4 5. Nxd4 Bg7 6. e4 d6 7. Be2 O-O 8. O-O
a6 9. Be3 Nc6 10. f3 Bd7 11. Qd2 Re8 12. Rfd1 Qb8 13. Nb3 Be6 14. Rac1 b6 15.
Nd5 Nd7 16. Bf1 Qb7 17. Qf2 Nc5 18. Nd4 Bxd5 19. cxd5 Nxd4 20. Bxd4 Bxd4 21.
Qxd4 Rac8 22. b4 Nd7 23. b5 Rxc1 24. Rxc1 a5 25. Rc6 Qb8 26. f4 f6 27. g3 Nc5
28. Bh3 Rd8 29. Be6+ Kg7 30. h4 h6 31. h5 g5 32. Bf5 Kf7 33. Kf2 Kg7 34. Kf3
Kf7 35. Qc3 Kg7 36. Qc2 Rf8 37. Kg4 gxf4 38. gxf4 Kh8 39. Kf3 Qe8 40. Qh2 Qb8
41. Qh3 Rg8 42. Bg6 Qd8 43. Bf7 Rf8 44. Qg4 Qd7 45. Qxd7 Nxd7 46. Rc7 Rxf7 47.
Rxd7 Rg7 48. Rb7 Rg1 49. Rxe7 1-0

[Event "SR 2. liga A 2008/2009"]
[Site "?"]
[Date "2008.10.11"]
[Round "1.1"]
[White "Varga, David"]
[Black "Frindt, Kornel"]
[Result "1-0"]
[WhiteElo "2270"]
[BlackElo "2151"]
[PlyCount "95"]
[EventDate "2008.??.??"]

1. d4 Nf6 2. Nf3 g6 3. g3 Bg7 4. Bg2 O-O 5. O-O d6 6. c4 Nbd7 7. b4 c5 8. bxc5
dxc5 9. Bb2 cxd4 10. Nxd4 Nc5 11. Nd2 Bd7 12. N2b3 Ba4 13. Qc1 Nfe4 14. Qe3
Bxb3 15. axb3 Nd6 16. Rfd1 Qc7 17. Rdc1 Rfe8 18. b4 Nd7 19. Nb5 Nxb5 20. cxb5
Qb6 21. Qxb6 axb6 22. Bxg7 Kxg7 23. Bxb7 Rxa1 24. Rxa1 Rb8 25. Ra7 Kf6 26. f4
Ke6 27. e4 Nf6 28. h3 h6 29. Kf2 g5 30. Bc6 gxf4 31. gxf4 Nh5 32. Ke3 Kf6 33.
e5+ Ke6 34. Bd7+ Kd5 35. Bg4 Ng7 36. Rxe7 h5 37. Bf3+ Kc4 38. Rxf7 Rg8 39. Be2+
Kxb4 40. f5 Ne8 41. Re7 Ng7 42. Kf4 Nxf5 43. Kxf5 Rg2 44. Bxh5 Kxb5 45. e6 Kc5
46. Rc7+ Kd6 47. Rd7+ Kc5 48. e7 1-0

[Event "SR 2. liga A 2008/2009"]
[Site "?"]
[Date "2008.10.11"]
[Round "1.2"]
[White "Janos, Jozef"]
[Black "Hrivnak, Martin"]
[Result "1-0"]
[WhiteElo "2244"]
[BlackElo "2169"]
[PlyCount "133"]
[EventDate "2008.??.??"]

1. e4 d5 2. Nc3 d4 3. Nce2 Nc6 4. Ng3 g6 5. Bc4 Bg7 6. d3 Na5 7. Bb3 Nxb3 8.
axb3 e5 9. f4 Ne7 10. Nf3 Nc6 11. O-O h5 12. f5 h4 13. Nh1 gxf5 14. exf5 Bxf5
15. Nxe5 Bxe5 16. Rxf5 Qd6 17. h3 Bh2+ 18. Kf1 Ne7 19. Rf3 Rg8 20. Bd2 Qg6 21.
Qe2 O-O-O 22. Rxa7 Kb8 23. Ra5 Nd5 24. Qf2 b6 25. Ra1 f5 26. Rxf5 Qd6 27. Rf3
Rdf8 28. Ke2 Ne3 29. Bxe3 dxe3 30. Kxe3 Re8+ 31. Kd2 Be5 32. c3 Qg6 33. g4 hxg3
34. Qg2 c6 35. Kc2 Rd8 36. Re1 Bd6 37. Re4 Rge8 38. Rg4 Qh6 39. Nxg3 Re1 40.
Qd2 Qxh3 41. Qxe1 Qxg4 42. Qe3 c5 43. Ne4 Bc7 44. Rf2 Qg1 45. Re2 Qf1 46. Nd2
Qh1 47. Qe4 Qa1 48. Qc6 Qa6 49. Nc4 Qb7 50. Qxb7+ Kxb7 51. Na3 Kc6 52. c4 Rh8
53. Nb5 Bf4 54. b4 Rh1 55. Re6+ Kb7 56. bxc5 Rh2+ 57. Kb3 bxc5 58. Nc3 Rd2 59.
Ne4 Rxd3+ 60. Kc2 Rh3 61. Nxc5+ Kc7 62. Re2 Be3 63. Nd3 Bd4 64. Nf4 Rh4 65.
Ne6+ Kc6 66. Nxd4+ Rxd4 67. Kc3 1-0

[Event "SR 2. liga A 2008/2009"]
[Site "?"]
[Date "2008.10.11"]
[Round "1.2"]
[White "Kundrik, Peter"]
[Black "Kleman, Miroslav"]
[Result "0-1"]
[WhiteElo "2228"]
[BlackElo "2204"]
[PlyCount "73"]
[EventDate "2008.??.??"]

1. e4 d6 2. d4 Nf6 3. Nc3 e5 4. Nf3 Nbd7 5. Bc4 Be7 6. O-O c6 7. a4 O-O 8. Re1
a5 9. Qe2 Qc7 10. Bg5 h6 11. Bh4 Re8 12. Rad1 Nf8 13. h3 Ng6 14. dxe5 dxe5 15.
Bg3 Bf8 16. Nd4 Qb6 17. Nf5 Be6 18. Nd6 Bxd6 19. Rxd6 Qxb2 20. Bxe6 Qxc3 21.
Bb3 Rad8 22. Red1 Rxd6 23. Rxd6 Qb4 24. Rxf6 gxf6 25. Qg4 Kg7 26. f3 f5 27.
Qxf5 Qe7 28. h4 Qf6 29. Qg4 Kh7 30. h5 Nf8 31. f4 Ne6 32. fxe5 Qg5 33. Qf3 Kg7
34. Be1 Re7 35. Bd2 Nd4 36. Qf2 Qxe5 37. Be3 {time} 0-1

[Event "SR 2. liga A 2008/2009"]
[Site "?"]
[Date "2008.10.11"]
[Round "1.2"]
[White "Petrik, Stanislav"]
[Black "Petenyi, Tamas"]
[Result "0-1"]
[WhiteElo "2215"]
[BlackElo "2251"]
[PlyCount "52"]
[EventDate "2008.??.??"]

1. e4 e5 2. Nf3 Nc6 3. d4 exd4 4. c3 d5 5. exd5 Qxd5 6. cxd4 Bg4 7. Be2 Bb4+ 8.
Nc3 Bxf3 9. Bxf3 Qc4 10. Be3 O-O-O 11. Be2 Bxc3+ 12. Kf1 Qb4 13. bxc3 Qxc3 14.
Rc1 Qa3 15. Bc4 Nf6 16. Bxf7 Rhf8 17. Bc4 Nxd4 18. Qd3 Qxd3+ 19. Bxd3 Ng4 20.
Re1 g6 21. Bb1 Rd6 22. h4 Nxf2 23. Bxf2 Rdf6 24. h5 Rxf2+ 25. Kg1 Ne2+ 26. Kh2
Nf4 0-1

[Event "SR 2. liga A 2008/2009"]
[Site "?"]
[Date "2008.10.11"]
[Round "1.2"]
[White "Skreno, Vladimir"]
[Black "Machalova, Erika"]
[Result "0-1"]
[WhiteElo "2208"]
[BlackElo "2142"]
[PlyCount "80"]
[EventDate "2008.??.??"]

1. d4 Nf6 2. Nf3 e6 3. c4 b6 4. g3 Bb7 5. Bg2 Be7 6. O-O O-O 7. d5 exd5 8. Nh4
c5 9. Nf5 d6 10. Nc3 Nbd7 11. cxd5 Re8 12. Bg5 Nf8 13. Re1 Ng6 14. e4 Rb8 15.
Bc1 Bc8 16. Nxe7+ Qxe7 17. Bg5 h6 18. e5 dxe5 19. d6 Qd7 20. Bxf6 gxf6 21. Qd2
Kg7 22. f4 Bb7 23. Bxb7 Rxb7 24. Rad1 Qg4 25. Qg2 Rd7 26. h3 Qe6 27. Rf1 f5 28.
fxe5 Nxe5 29. Nb5 Qg6 30. b3 Red8 31. Kh2 a6 32. Qb2 Qf6 33. Nc3 Rxd6 34. Rxd6
Rxd6 35. Qc2 Qg5 36. Rf2 Rd3 37. Ne2 Qe3 38. Rxf5 Nf3+ 39. Kh1 Nd4 40. Nxd4
Qe1+ 0-1

[Event "SR 2. liga A 2008/2009"]
[Site "?"]
[Date "2008.10.11"]
[Round "1.2"]
[White "Sosovicka, Juraj"]
[Black "Banas, Kamil"]
[Result "0-1"]
[WhiteElo "2040"]
[BlackElo "2256"]
[PlyCount "72"]
[EventDate "2008.??.??"]

1. e4 c5 2. Nf3 d6 3. d4 cxd4 4. Nxd4 Nf6 5. Nc3 a6 6. Be3 e5 7. Nb3 Be6 8. f3
Nbd7 9. Qd2 b5 10. g4 Nb6 11. g5 Nh5 12. Nd5 Nxd5 13. exd5 Bd7 14. Na5 Qc7 15.
Bd3 Be7 16. Rg1 O-O 17. O-O-O Bd8 18. Nc6 Bxc6 19. dxc6 d5 20. Bc5 Be7 21. Bxe7
Qxe7 22. Bf5 Nf4 23. Rde1 Qd6 24. Qc3 g6 25. Bd3 Rfe8 26. Rg4 Nxd3+ 27. Qxd3
Qxc6 28. h4 Rac8 29. h5 gxh5 30. Rh4 Qg6 31. Qd2 Re6 32. Rh2 d4 33. f4 d3 34.
c3 e4 35. f5 Qxf5 36. Rxh5 e3 0-1

[Event "SR 2. liga A 2008/2009"]
[Site "?"]
[Date "2008.10.11"]
[Round "1.2"]
[White "Stetina, Erik"]
[Black "Maslik, Miroslav"]
[Result "0-1"]
[WhiteElo "2043"]
[BlackElo "2328"]
[PlyCount "64"]
[EventDate "2008.??.??"]

1. e4 e6 2. d4 d5 3. exd5 exd5 4. Nf3 Bg4 5. Bd3 Bd6 6. O-O Ne7 7. Re1 c5 8.
dxc5 Bxc5 9. Nc3 Nbc6 10. h3 Bh5 11. Bf4 f6 12. Nb5 O-O 13. Nc7 Bxf3 14. gxf3
Rc8 15. Ne6 Qb6 16. Qe2 Rf7 17. c3 Ng6 18. Qc2 Nce5 19. Bxe5 fxe5 20. Nxc5 Qxc5
21. Bxg6 hxg6 22. Rxe5 Rxf3 23. Rd1 Rcf8 24. Rd4 Qc8 25. Qxg6 Rxf2 26. Rg4 R2f7
27. Rh5 Qc5+ 28. Rd4 Rf1+ 29. Kg2 R8f2+ 30. Kg3 Rg1+ 31. Kxf2 Rxg6 32. Rhxd5
Qf8+ 0-1

[Event "SR 2. liga A 2008/2009"]
[Site "?"]
[Date "2008.10.11"]
[Round "1.3"]
[White "Banasova, Katarina"]
[Black "Pagerka, Martin"]
[Result "0-1"]
[WhiteElo "2139"]
[BlackElo "1998"]
[PlyCount "94"]
[EventDate "2008.??.??"]

1. e4 e5 2. Nf3 Nc6 3. Bc4 Nf6 4. d3 Be7 5. O-O d6 6. c3 O-O 7. Bb3 Be6 8. Re1
Re8 9. Nbd2 Bf8 10. Bxe6 fxe6 11. d4 Qe7 12. dxe5 dxe5 13. Qe2 Nd7 14. Nf1 a5
15. Bg5 Qf7 16. Rad1 Bd6 17. Ne3 Nb6 18. Ng4 Qg6 19. h3 Rf8 20. Bh4 a4 21. Bg3
Ra5 22. Rd3 h5 23. Nh4 Qh7 24. Nh2 Be7 25. N4f3 h4 26. Bxh4 Bxh4 27. Nxh4 Qxh4
28. Ng4 Raa8 29. Rg3 Rad8 30. Qe3 Nc4 31. Qe2 b5 32. Rd3 Rxd3 33. Qxd3 Rd8 34.
Qb1 Qe7 35. b3 Nd2 36. Qb2 a3 37. Qc2 b4 38. Kh1 bxc3 39. Qxc3 Qd6 40. Rc1 Nb4
41. Qxc7 Qxc7 42. Rxc7 Nxa2 43. Ra7 Nb1 44. Nxe5 Nb4 45. Nc4 a2 46. Ne3 Nd2 47.
Nc2 Nxb3 0-1

[Event "SR 2. liga A 2008/2009"]
[Site "?"]
[Date "2008.10.11"]
[Round "1.3"]
[White "Csiba, Dominik"]
[Black "Petrik, Karol"]
[Result "1-0"]
[WhiteElo "2169"]
[BlackElo "2167"]
[PlyCount "73"]
[EventDate "2008.??.??"]

1. e4 c6 2. d4 g6 3. Nc3 Bg7 4. Be3 d5 5. f3 dxe4 6. fxe4 Nf6 7. Nf3 Qb6 8. a3
Ng4 9. Bg1 O-O 10. e5 f6 11. Bc4+ Kh8 12. e6 Qc7 13. h3 Nh6 14. Bh2 Qd8 15. g4
Na6 16. Qe2 Nc7 17. O-O-O Nd5 18. Nxd5 cxd5 19. Bb3 b6 20. Rdg1 a5 21. Bf4 Ba6
22. Qd2 Ng8 23. h4 Qc8 24. Qe3 Bc4 25. Bxc4 Qxc4 26. g5 Rfc8 27. c3 b5 28. h5
fxg5 29. hxg6 Nf6 30. Nxg5 h5 31. Rxh5+ Nxh5 32. Qh3 Qe2 33. Nf3 Kg8 34. Qxh5
b4 35. Qh7+ Kf8 36. Ne5 Ra7 37. Bh6 1-0

[Event "SR 2. liga A 2008/2009"]
[Site "?"]
[Date "2008.10.11"]
[Round "1.3"]
[White "Hartl, Jan"]
[Black "Bukovsky, Milan"]
[Result "1/2-1/2"]
[WhiteElo "2161"]
[BlackElo "2022"]
[PlyCount "92"]
[EventDate "2008.??.??"]

1. e4 e5 2. Nf3 Nc6 3. Bb5 g6 4. O-O Bg7 5. Re1 a6 6. Bf1 d6 7. c3 Nge7 8. h3
O-O 9. d4 Kh8 10. Bg5 f6 11. Bh4 g5 12. Bg3 g4 13. Nh4 gxh3 14. gxh3 f5 15.
exf5 Nxf5 16. Nxf5 Bxf5 17. d5 Ne7 18. c4 Qd7 19. Kh2 Rf6 20. Nd2 Bxh3 21. Re4
Rh6 22. Rh4 Rxh4 23. Bxh4 Bxf1 24. Qxf1 Ng6 25. Bg3 Bh6 26. Ne4 Nf4 27. Re1 Rf8
28. Kg1 Qg4 29. c5 Nh3+ 30. Kh2 Ng5 31. Nxg5 Bxg5 32. Qg2 Rf6 33. cxd6 cxd6 34.
Kg1 Bf4 35. Bxf4 Qxf4 36. Re3 Rg6 37. Rg3 Qc1+ 38. Kh2 Qf4 39. Kh1 Qc1+ 40. Kh2
Rh6+ 41. Rh3 Qd2 42. Qf3 Rxh3+ 43. Kxh3 Qh6+ 44. Kg2 Qg6+ 45. Kf1 Kg7 46. Qb3
Qb1+ 1/2-1/2

[Event "SR 2. liga A 2008/2009"]
[Site "?"]
[Date "2008.10.11"]
[Round "1.3"]
[White "Kubon, Kamil"]
[Black "Malar, Pavol"]
[Result "0-1"]
[WhiteElo "2044"]
[BlackElo "2090"]
[PlyCount "102"]
[EventDate "2008.??.??"]

1. Nf3 f5 2. b3 Nf6 3. Bb2 e6 4. g3 Be7 5. Bg2 O-O 6. O-O d6 7. d3 e5 8. c4 Qe8
9. Nc3 c6 10. e3 Na6 11. d4 e4 12. Ne1 d5 13. Rc1 Be6 14. cxd5 cxd5 15. Nc2 Rc8
16. a3 Bd6 17. b4 Bd7 18. Na1 g5 19. Nb3 b6 20. Qd2 Nc7 21. f3 Qh5 22. Rf2 Rce8
23. Rcf1 f4 24. gxf4 gxf4 25. fxe4 fxe3 26. Bf3 exf2+ 27. Rxf2 Ng4 28. e5 Be7
29. Qe2 Kh8 30. Rg2 Rg8 31. Nxd5 Nxd5 32. Bxd5 Rg6 33. Bf3 Bf8 34. e6 Bxe6 35.
d5+ Bg7 36. dxe6 Bxb2 37. Bxg4 Qe5 38. Qxe5+ Bxe5 39. Bf5 Rf6 40. Bh3 Rg6 41.
Rxg6 hxg6 42. b5 Kg7 43. Bg4 Kf6 44. h3 Rd8 45. Nc1 Rd5 46. a4 Rd4 47. Kf2 Rxa4
48. Nd3 Bd6 49. Kf3 Ra5 50. Nf2 Rxb5 51. Ne4+ Ke7 0-1

[Event "SR 2. liga A 2008/2009"]
[Site "?"]
[Date "2008.10.11"]
[Round "1.3"]
[White "Lauf, Pavol"]
[Black "Certek, Pavel"]
[Result "0-1"]
[WhiteElo "2152"]
[BlackElo "2216"]
[PlyCount "64"]
[EventDate "2008.??.??"]

1. c4 Nf6 2. Nc3 g6 3. d4 d5 4. Nf3 Bg7 5. cxd5 Nxd5 6. Qb3 Nb6 7. e3 O-O 8.
Be2 Nc6 9. O-O e5 10. d5 Ne7 11. e4 c6 12. Rd1 cxd5 13. exd5 Nf5 14. Bg5 f6 15.
Bc1 Nd6 16. Be3 Bg4 17. Bc5 Nbc8 18. Nb5 Rf7 19. Rac1 Bf8 20. Rc2 Nxb5 21. Qxb5
Bxc5 22. Qxc5 Nd6 23. Rdc1 Bf5 24. Rc4 Nxc4 25. Bxc4 Kg7 26. d6 Rd7 27. Nh4 Rc8
28. Nxf5+ gxf5 29. Qd5 Rxd6 30. Qf7+ Kh8 31. h4 Rd7 32. Qh5 b5 0-1

[Event "SR 2. liga A 2008/2009"]
[Site "?"]
[Date "2008.10.11"]
[Round "1.3"]
[White "Polacik, Igor"]
[Black "Mihalik, Marek"]
[Result "1-0"]
[WhiteElo "2194"]
[BlackElo "2098"]
[PlyCount "75"]
[EventDate "2008.??.??"]

1. e4 c5 2. Nf3 d6 3. d4 cxd4 4. Nxd4 Nf6 5. Nc3 a6 6. Bg5 e6 7. f4 b5 8. e5
dxe5 9. fxe5 Qc7 10. exf6 Qe5+ 11. Be2 Qxg5 12. Qd3 Qxf6 13. Rf1 Qe5 14. Nf3
Qf6 15. Qe4 Ra7 16. Ne5 Qd8 17. Qe3 Re7 18. Ne4 Bb7 19. Bh5 Bxe4 20. Nxf7 Qa5+
21. b4 Qxb4+ 22. c3 Qb2 23. Rd1 Bd5 24. Nxh8+ g6 25. Nxg6 hxg6 26. Bxg6+ Kd7
27. Rxf8 Nc6 28. Rf2 Qa3 29. Re2 Kc7 30. Be4 Bxe4 31. Qxe4 Qxc3+ 32. Kf1 Qc5
33. g3 e5 34. Rc2 Qb6 35. Rdc1 Re6 36. Qh7+ Kd8 37. Qg8+ Kd7 38. Qxe6+ 1-0

[Event "SR 2. liga A 2008/2009"]
[Site "?"]
[Date "2008.10.11"]
[Round "1.4"]
[White "Gajarsky, Roman"]
[Black "Goga, Frantisek"]
[Result "0-1"]
[WhiteElo "1943"]
[BlackElo "1960"]
[PlyCount "128"]
[EventDate "2008.??.??"]

1. e4 c5 2. c4 Nc6 3. f4 d6 4. d3 g6 5. h4 h5 6. Be2 Bg7 7. g4 Bxg4 8. Bxg4
hxg4 9. Qxg4 Nf6 10. Qg2 e6 11. f5 exf5 12. exf5 Qe7+ 13. Kd1 O-O-O 14. fxg6
Rde8 15. Nf3 fxg6 16. Bg5 Qd7 17. Nc3 Nb4 18. Kd2 Qf5 19. Qh3 Ng4 20. Ne4 Rxe4
21. dxe4 Qxe4 22. Ne1 Qd4+ 23. Nd3 Nxd3 24. Qxd3 Qxb2+ 25. Qc2 Qd4+ 26. Qd3
Qf2+ 27. Qe2 Bxa1 28. Qxf2 Nxf2 29. Rxa1 Ne4+ 30. Ke3 Nxg5 31. hxg5 Rh4 32. Rf1
Rg4 33. Rf7 Rxg5 34. Rg7 Rg4 35. Kd3 g5 36. a4 Rd4+ 37. Kc3 g4 38. a5 Rf4 39.
Kd3 a6 40. Rh7 Kb8 41. Rg7 Ka7 42. Rd7 g3 43. Rg7 Rf3+ 44. Ke4 Rc3 45. Kd5 Rd3+
46. Ke6 d5 47. cxd5 c4 48. d6 c3 49. d7 c2 50. Rxg3 Rxd7 51. Rc3 Rd2 52. Ke5 b5
53. axb6+ Kxb6 54. Ke4 Kb5 55. Ke3 Rh2 56. Kd4 Kb4 57. Rc6 a5 58. Kd3 Kb3 59.
Rb6+ Ka2 60. Rc6 Kb1 61. Rb6+ Kc1 62. Rg6 Rh3+ 63. Kc4 Kb2 64. Rg2 Kb1 0-1

[Event "SR 2. liga A 2008/2009"]
[Site "?"]
[Date "2008.10.11"]
[Round "1.4"]
[White "Gono, Michal"]
[Black "Hricak, Vasil"]
[Result "0-1"]
[WhiteElo "1854"]
[BlackElo "2046"]
[PlyCount "58"]
[EventDate "2008.??.??"]

1. d4 d5 2. c4 e5 3. dxe5 d4 4. Nf3 Nc6 5. Bg5 Be7 6. Bxe7 Ngxe7 7. g3 Bg4 8.
Nbd2 Qd7 9. Bg2 O-O-O 10. Qb3 Bh3 11. O-O Bxg2 12. Kxg2 Ng6 13. Qa4 Qg4 14.
Rfe1 h5 15. e3 dxe3 16. Rxe3 Nf4+ 17. Kg1 h4 18. Re4 hxg3 19. fxg3 Nh3+ 20. Kg2
Qf5 21. Rf1 Ng5 22. g4 Qg6 23. Rf4 Nxf3 24. Nxf3 Qh7 25. g5 Qh3+ 26. Kf2 Nxe5
27. Ke2 Nxf3 28. R4xf3 Rhe8+ 29. Kf2 Qxh2# 0-1

[Event "SR 2. liga A 2008/2009"]
[Site "?"]
[Date "2008.10.11"]
[Round "1.4"]
[White "Krajnak, Robert"]
[Black "Csiba, Peter"]
[Result "0-1"]
[WhiteElo "2079"]
[BlackElo "2041"]
[PlyCount "60"]
[EventDate "2008.??.??"]

1. c4 e5 2. e3 Nf6 3. Nc3 d6 4. Nf3 g6 5. d4 Nbd7 6. Be2 Bg7 7. O-O O-O 8. Re1
h6 9. Bf1 Nh7 10. b4 f5 11. Bb2 e4 12. Nd2 Ndf6 13. Rc1 g5 14. f3 Qe8 15. Nd5
Qf7 16. b5 exf3 17. Nxf3 g4 18. Nd2 Ng5 19. Nxf6+ Bxf6 20. c5 d5 21. a4 Qg7 22.
Kh1 Ne4 23. Nxe4 fxe4 24. a5 g3 25. Qh5 Bg5 26. h4 Rf5 27. hxg5 Rxg5 28. Qe8+
Kh7 29. a6 Qf6 30. Rc2 Rf5 0-1

[Event "SR 2. liga A 2008/2009"]
[Site "?"]
[Date "2008.10.11"]
[Round "1.4"]
[White "Mikulas, Dusan"]
[Black "Kovac, Andrej"]
[Result "0-1"]
[WhiteElo "2183"]
[BlackElo "2038"]
[PlyCount "114"]
[EventDate "2008.??.??"]

1. e4 c5 2. Nf3 Nc6 3. d4 cxd4 4. Nxd4 Nf6 5. Nc3 e5 6. Nb3 Bb4 7. Bd3 d5 8.
exd5 Nxd5 9. Bd2 Nxc3 10. bxc3 Be7 11. Qh5 g6 12. Qe2 O-O 13. Bh6 Re8 14. h4 e4
15. Bb5 Bf6 16. Rd1 Bxc3+ 17. Kf1 Qb6 18. Be3 Bg4 19. Qxg4 Qxb5+ 20. Kg1 h5 21.
Qg3 Ne5 22. Bd4 Bxd4 23. Nxd4 Qc5 24. Qe3 Rad8 25. Rh3 Ng4 26. Qd2 Qc4 27. c3
Qc7 28. Qg5 Re5 29. Qf4 Qa5 30. Rg3 Rf5 31. Qc1 Nxf2 32. Rd2 Nd3 33. Rdxd3 exd3
34. Nxf5 Qxf5 35. Qd2 Qc5+ 36. Kh2 Qd6 37. Kh3 Qe6+ 38. Kh2 Qe5 39. Kh3 Qf5+
40. Kh2 Qe4 41. Qg5 Re8 42. Rf3 d2 43. Qxd2 Qxh4+ 44. Rh3 Qe7 45. Rd3 Qc7+ 46.
Kh1 Qe7 47. Kh2 Qh4+ 48. Rh3 Qe1 49. Qd7 Qe4 50. Kg1 Qc6 51. Qd2 Qc5+ 52. Kh1
Qc4 53. Kh2 Re2 54. Qd8+ Kh7 55. Rf3 Qxa2 56. Qc7 Rxg2+ 57. Kh3 Rf2 0-1

[Event "SR 2. liga A 2008/2009"]
[Site "?"]
[Date "2008.10.11"]
[Round "1.4"]
[White "Polasek, Filip"]
[Black "Mydlarik, Martin"]
[Result "0-1"]
[WhiteElo "2096"]
[BlackElo "2124"]
[PlyCount "103"]
[EventDate "2008.??.??"]

1. e4 d5 2. e5 c5 3. d4 Nc6 4. Bb5 e6 5. c3 Qb6 6. Ba4 cxd4 7. cxd4 Bd7 8. Ne2
Nge7 9. Nbc3 Nf5 10. O-O Be7 11. Be3 f6 12. Ng3 Nxg3 13. hxg3 O-O 14. Qg4 f5
15. Qf3 Be8 16. Bxc6 Bxc6 17. Ne2 Bb5 18. Rfc1 Bxe2 19. Qxe2 Rac8 20. Rc2 Rc6
21. Rac1 Rfc8 22. Rxc6 Rxc6 23. Rxc6 bxc6 24. g4 f4 25. Bxf4 Qxd4 26. Be3 Qxe5
27. Qa6 d4 28. Qxa7 dxe3 29. Qxe7 exf2+ 30. Kxf2 Qxb2+ 31. Kf3 Qc3+ 32. Kf2
Qd4+ 33. Kg3 Qe3+ 34. Kh2 Qf4+ 35. Kg1 Qc1+ 36. Kf2 Qd2+ 37. Kf1 Qc1+ 38. Kf2
Qf4+ 39. Kg1 Qe3+ 40. Kf1 h6 41. Qe8+ Kh7 42. Qxc6 Qd3+ 43. Kf2 Qd2+ 44. Kg3
Qxa2 45. Qe4+ Kg8 46. g5 Qb3+ 47. Kh4 hxg5+ 48. Kxg5 Qg3+ 49. Kh5 Qh2+ 50. Kg4
Qh6 51. Qc6 Qg6+ 52. Kf4 0-1

[Event "SR 2. liga A 2008/2009"]
[Site "?"]
[Date "2008.10.11"]
[Round "1.4"]
[White "Sturdik, Igor"]
[Black "Janos, Ivan"]
[Result "1/2-1/2"]
[WhiteElo "2022"]
[BlackElo "2159"]
[PlyCount "97"]
[EventDate "2008.??.??"]

1. e4 c5 2. Nf3 e6 3. d4 cxd4 4. Nxd4 Nc6 5. Nb5 d6 6. c4 a6 7. N5c3 b6 8. Be3
Nf6 9. Be2 Be7 10. O-O O-O 11. Na3 Qc7 12. Nc2 Bb7 13. f3 Rac8 14. Qe1 Ne5 15.
Na3 Rfe8 16. Qf2 Ned7 17. Rac1 Qb8 18. Kh1 Bc6 19. Rfd1 Qa8 20. Nc2 d5 21. cxd5
exd5 22. exd5 Nxd5 23. Nxd5 Bxd5 24. Bxa6 Qxa6 25. Rxd5 Nf6 26. Rdd1 Qxa2 27.
Bd4 Bc5 28. Ne1 Qb3 29. Bxc5 Rxc5 30. Qd2 Rce5 31. h4 Qa4 32. Qf2 Rh5 33. Rd4
Qb5 34. Rcd1 Qc5 35. Nd3 Qc7 36. Nf4 Rhe5 37. Nd5 Nxd5 38. Rxd5 Rxd5 39. Rxd5
Qc1+ 40. Kh2 Qc7+ 41. Qg3 Qc4 42. Rd7 h6 43. Rc7 Qb4 44. Qf2 Qd6+ 45. Qg3 Qd4
46. Rc2 Qd3 47. Qf2 Qd1 48. Rd2 Qc1 49. Rc2 1/2-1/2

[Event "SR 2. liga A 2008/2009"]
[Site "?"]
[Date "2008.10.11"]
[Round "1.5"]
[White "Michal, Silvio"]
[Black "Krist, Milan"]
[Result "1-0"]
[WhiteElo "2123"]
[BlackElo "2046"]
[PlyCount "93"]
[EventDate "2008.??.??"]

1. c4 c5 2. Nc3 Nc6 3. Nf3 Nf6 4. d4 cxd4 5. Nxd4 e6 6. Ndb5 a6 7. Nd6+ Bxd6 8.
Qxd6 Qe7 9. Bf4 e5 10. Qxe7+ Kxe7 11. Bg5 Ke6 12. g3 Kf5 13. h4 h6 14. Be3 Kg6
15. O-O-O b5 16. g4 Kh7 17. g5 Nh5 18. Bg2 Nf4 19. Be4+ g6 20. h5 Kg7 21. Bxf4
exf4 22. hxg6 fxg6 23. Rd6 Rb8 24. Rxg6+ Kf7 25. Rh4 Nd4 26. Rxf4+ Ke7 27. gxh6
Ne6 28. Nd5+ Kd6 29. Ne3 Bb7 30. Bxb7 Rxb7 31. Rf5 bxc4 32. Nxc4+ Ke7 33. Rgf6
Rc7 34. b3 Nd4 35. Rf7+ Ke8 36. R5f6 Rxh6 37. Rf8+ Ke7 38. Rxh6 Kxf8 39. Kd2
Nc6 40. e4 Rb7 41. Kc3 Rb5 42. f4 Ke7 43. a3 Rb8 44. Rh7+ Kd8 45. Rh8+ Kc7 46.
Rxb8 Kxb8 47. Ne5 1-0

[Event "SR 2. liga A 2008/2009"]
[Site "?"]
[Date "2008.10.11"]
[Round "1.5"]
[White "Orolin, Peter"]
[Black "Mihalik, Anton"]
[Result "1-0"]
[WhiteElo "1941"]
[BlackElo "1959"]
[PlyCount "125"]
[EventDate "2008.??.??"]

1. d4 d5 2. c4 e6 3. Nf3 Nf6 4. g3 b6 5. Bg2 Bb7 6. O-O Be7 7. cxd5 exd5 8. Nc3
O-O 9. Bf4 Nbd7 10. Nb5 Ne8 11. Ne5 Nxe5 12. Bxe5 c6 13. Nc3 Bd6 14. Bxd6 Nxd6
15. Rc1 Rc8 16. Qa4 a5 17. Rfe1 Re8 18. a3 b5 19. Qc2 Qf6 20. e3 g6 21. Ne2 Re7
22. Nf4 Rce8 23. b3 Nf5 24. Nd3 Ba8 25. Ne5 Qd6 26. Qc5 Re6 27. Bh3 f6 28. Bxf5
gxf5 29. Qxd6 Rxd6 30. Nd3 Kf7 31. Rc5 Ke7 32. Rec1 Kd7 33. Ne1 Bb7 34. Nf3 Rg8
35. Nh4 Rg5 36. a4 Ba6 37. axb5 Bxb5 38. Ra1 Kc7 39. Rxa5 Kb7 40. f4 Rh5 41.
Kf2 Bd3 42. Rc1 Kb6 43. Ra8 Re6 44. Rca1 Re7 45. Rb8+ Kc7 46. Raa8 Kd6 47. Rd8+
Ke6 48. Re8 Rxe8 49. Rxe8+ Kd7 50. Rf8 Ke7 51. Rg8 Bc2 52. Rb8 Bd3 53. Ke1 Kd7
54. Rb7+ Kd6 55. Kd2 Ba6 56. Ra7 Bc8 57. Kc3 Bd7 58. Kb4 Be8 59. Ka5 Bd7 60.
Kb6 Be8 61. Ra1 Bd7 62. Ra8 Ke7 63. Kc7 1-0